[Вып. 16]; Теплопроводность и диффузия

Bibliographic Details
Parent link:Теплопроводность и диффузия: [сборник]/ Рижский политехнический институт. [Вып. 16].— , 1969-1990
Language:Russian
Published: 1988
Subjects:
Format: MixedMaterials Book
KOHA link:https://koha.lib.tpu.ru/cgi-bin/koha/opac-detail.pl?biblionumber=264478

MARC

LEADER 00000nam2a2200000 4500
001 264478
005 20231101233832.0
035 |a (RuTPU)RU\TPU\book\287470 
090 |a 264478 
100 |a 20140619d1988 k y0rusy50 ca 
101 0 |a rus 
102 |a LV 
105 |a a z 001zy 
200 0 |a [Вып. 16] 
210 |d 1988 
215 |a 160 с.  |c ил. 
320 |a Библиография в конце статей 
461 1 |0 (RuTPU)RU\TPU\book\176992  |t Теплопроводность и диффузия  |o [сборник]  |f Рижский политехнический институт  |v [Вып. 16]  |d 1969-1990 
606 1 |a Теплопроводность  |x (физика)  |2 stltpush  |3 (RuTPU)RU\TPU\subj\59794  |9 77292 
610 1 |a тепломассообменные аппараты 
610 1 |a схемы 
610 1 |a проектирование 
610 1 |a диффузионный тепломассоперенос 
610 1 |a вариационные методы 
610 1 |a математическое моделирование 
675 |a 536.2  |v 3 
801 1 |a RU  |b 63413507  |c 20140619 
801 2 |a RU  |b 63413507  |c 20150427  |g RCR 
942 |c BK